00910nam a2200277Ia 450000500170000000800410001702000180005804100080007610000420008424500880012625000170021430000250023149000440025653400180030065000390031865000410035770000390039894200150043726400310045233600270048333700330051033800280054304000350057108400110060699900150061720220317001859.0170410s2009 a g 000 p s  a9789500396356 aspa1 aBaudelaire, Charles Pierred1821-186714aLas flores del malcCharles Baudelaire ; prólogo y traducción de Nydia Lamarque a1a.edición a321 páginasc19 cm aAniversario Losada 1938-2008 : poesía tFleurs du mal142LEMBaPoesía francesaySiglo XIX142LEMBaLiteratura francesaySiglo XIX1 aLamarque, Nydiaetraductora978332 2loccBKLIT aBuenos AiresbLosadac2009 atextobtxt2rdacontent asin mediaciónbn2rdamedia avolumenbnc2rdacarrier aCO-BoRNBPbspaerdacCO-BoRNBP aP BAU1 c8406d8406